[Event "New Delhi Parsvnath op-C 16th"]
[Site "New Delhi"]
[Date "2018.01.16"]
[Round "10"]
[White "Nagargoje, Dhananjay"]
[Black "Ravindra, P."]
[Result "0-1"]
[WhiteElo "1488"]
[BlackElo "1457"]
[PlyCount "154"]
[EventDate "2018.01.09"]
[EventType "swiss"]
[EventRounds "10"]
[EventCountry "IND"]
[SourceTitle "CBM 182 Extra"]
[Source "ChessBase"]
[SourceDate "2018.02.23"]
[SourceVersion "1"]
[SourceVersionDate "2018.02.23"]
[SourceQuality "1"]

1. b4 e5 2. Bb2 d6 3. a3 Be6 4. d4 exd4 5. Bxd4 a6 6. Bb2 Nf6 7. e3 d5 8. Nf3 Be7 9. Nbd2 h6 10. Bd3 Nc6 11. Nb3 Qd7 12. 0-0 Bg4 13. Rc1 Bd6 14. Be2 Qf5 15. Nh4 Qh5 16. Bxg4 Nxg4 17. h3 Qxh4 18. Qxg4 Qxg4 19. hxg4 Ne5 20. Bxe5 Bxe5 21. Rcd1 0-0-0 22. Nd4 Rhe8 23. Rd3 c6 24. Rfd1 Kc7 25. Kf1 Bxd4 26. Rxd4 Re5 27. Ke2 Rde8 28. c4 dxc4 29. Rxc4 Kb6 30. Rd7 R8e7 31. Rxe7 Rxe7 32. Kd3 Rd7+ 33. Kc2 a5 34. e4 axb4 35. Rxb4+ Kc5 36. Kc3 b5 37. Rb2 Ra7 38. Rc2 Kb6 39. Kb3 Ra4 40. f3 Rd4 41. Re2 Rd3+ 42. Kb2 c5 43. e5 Ka5 44. f4 Rd7 45. f5 Re7 46. e6 fxe6 47. Rxe6 Rd7 48. Rg6 Rc7 49. g5 Rf7 50. g4 hxg5 51. Rxg5 Re7 52. Rg6 b4 53. axb4+ Kxb4 54. Re6 Rd7 55. Re4+ c4 56. Kc2 Rf7 57. Re6 Ra7 58. Rb6+ Kc5 59. Rg6 Kd4 60. Rd6+ Kc5 61. Rg6 Re7 62. Kc3 Re3+ 63. Kd2 Re7 64. Kc3 Rd7 65. Kc2 Kd4 66. Rc6 Ra7 67. Rd6+ Kc5 68. Rg6 Rd7 69. Kc3 Ra7 70. Kc2 Re7 71. Kc3 Rc7 72. Kc2 Kd4 73. Rd6+ Ke5 74. Rg6 Kd5 75. Kc3 Kc5 76. Kc2 Re7 77. Kc3 Ra7 0-1